Statistics for Highest GDP per Capita by Continent

Click here to take the quiz!

General Stats

  • This quiz has been taken 411 times
  • The average score is 20 of 31

Answer Stats

ContinentGDP per CapitaAnswer% Correct
North America50,700USA
93%
North America43,400Canada
92%
Oceania67,869Australia
87%
Oceania38,399New Zealand
85%
South America16,171Chile
81%
Europe118,538Luxembourg
80%
South America17,376Argentina
80%
South America11,845Brazil
80%
Asia64,584Singapore
76%
Europe103,586Norway
76%
South America15,469Uruguay
74%
Asia98,814Qatar
74%
Europe64,974Switzerland
72%
Oceania4,572Fiji
70%
Europe145,734Liechtenstein
69%
North America31,900Bahamas
69%
South America12,407Venezuela
67%
Asia39,706Kuwait
60%
Asia53,431Brunei
58%
North America25,800Barbados
58%
Africa23,200Seychelles
54%
Oceania3,607Samoa
53%
Asia39,767Taiwan
52%
Oceania4,429Tonga
51%
Africa14,000Mauritius
49%
North America20,400Trinidad and Tobago
47%
Europe68,574Ireland
44%
North America18,300Antigua and Barbuda
42%
Africa14,000Libya
41%
Africa36,600Equatorial Guinea
40%
Africa14,500Gabon
29%

Score Distribution

Percentile by Number Answered

Percent of People with Each Score

Your Score History

You have not taken this quiz